BIBLIOTECA

SENCICO

Diseño geométrico de vías con aplicaciones básicas en Excel y Autocad / (Registro nro. 4115)

Detalles MARC
000 -LEADER
fixed length control field 00921nam a22002657a 4500
003 - CONTROL NUMBER IDENTIFIER
control field PE SENCICO BE
005 - DATE AND TIME OF LATEST TRANSACTION
control field 20251020182635.0
008 - FIXED-LENGTH DATA ELEMENTS--GENERAL INFORMATION
fixed length control field 230417b |||||||| |||| 00| 0 eng d
020 ## - INTERNATIONAL STANDARD BOOK NUMBER
International Standard Book Number 978-958-8723-45-7
040 ## - CATALOGING SOURCE
Original cataloging agency PE SENCICO BE
Transcribing agency PE SENCICO BE
041 ## - LANGUAGE CODE
Language code of text/sound track or separate title spa
082 ## - DEWEY DECIMAL CLASSIFICATION NUMBER
Classification number 625.7
Item number M94
100 1# - MAIN ENTRY--PERSONAL NAME
9 (RLIN) 961
Personal name Muñoz Prieto, Wilman
Relator term autor
245 1# - TITLE STATEMENT
Title Diseño geométrico de vías con aplicaciones básicas en Excel y Autocad /
Statement of responsibility, etc. Willman Muñoz Prieto
250 ## - EDITION STATEMENT
Edition statement 1a ed.
260 ## - PUBLICATION, DISTRIBUTION, ETC.
Place of publication, distribution, etc. Bogotá :
Name of publisher, distributor, etc. Universidad Distrital Francisco José de Caldas,
Date of publication, distribution, etc. 2012
300 ## - PHYSICAL DESCRIPTION
Extent 263 p. :
Other physical details tabls.,
Dimensions 24 cm.
650 14 - SUBJECT ADDED ENTRY--TOPICAL TERM
9 (RLIN) 220
Topical term or geographic name entry element Diseño geométrico de carreteras
650 24 - SUBJECT ADDED ENTRY--TOPICAL TERM
9 (RLIN) 311
Topical term or geographic name entry element Ingeniería de carreteras
650 24 - SUBJECT ADDED ENTRY--TOPICAL TERM
9 (RLIN) 422
Topical term or geographic name entry element Excel (Programa para computadora)
650 24 - SUBJECT ADDED ENTRY--TOPICAL TERM
9 (RLIN) 230
Topical term or geographic name entry element Autocad (Programa para computadora)
650 24 - SUBJECT ADDED ENTRY--TOPICAL TERM
9 (RLIN) 218
Topical term or geographic name entry element Diseño asistido por computador
910 ## - USER-OPTION DATA (OCLC)
-- hfp
-- hfp
942 ## - ADDED ENTRY ELEMENTS (KOHA)
Source of classification or shelving scheme Dewey Decimal Classification
Koha item type Libros
Existencias
Fecha de la última vez que lo usaron Número de ingreso o de inventario Pago total Signatura topográfica completa Precio efectivo desde Tipo de documento Estado perdido Sistema de clasificación Estado dañado No es para préstamo Retirado Ubicación permanente Ubicación actual Fecha de adquisición
17/04/2023 16123   625.7/M94 17/04/2023 Libros   Dewey Decimal Classification       Biblioteca Central Lima Biblioteca Central Lima 17/04/2023